Welcome to the Holygrace Academy Library

Please use search bar below to get started

FICE O'CLOCK TALES (Record no. 207)

MARC details
000 -LEADER
fixed length control field 00547nam a22001457a 4500
020 ## - INTERNATIONAL STANDARD BOOK NUMBER
ISBN 0-7497-1337-2
082 ## - DEWEY DECIMAL CLASSIFICATION NUMBER
Classification number 823
Item number BLY/F
100 ## - MAIN ENTRY--AUTHOR NAME
Personal name ENID BLYTON
245 ## - TITLE STATEMENT
Title FICE O'CLOCK TALES
260 ## - PUBLICATION, DISTRIBUTION, ETC. (IMPRINT)
Place of publication GREAT BRITAIN
Name of publisher METHUEN & CO
Year of publication 1941
300 ## - PHYSICAL DESCRIPTION
Number of Pages 152
520 ## - SUMMARY, ETC.
Summary, etc SNEAKY THE ELF STEALS A GROWING SPELL AND GETS A TERRIBLE FRIGHT, SNIP AND SNAP THE BROWNIES FOOL THE STUPID RED GOBLIN AND WHILE WIZARD TEN - TOES GETS OUT OF BED THE WRONG SIDE, LAZY KATE'S BED TAKES HER TO SCHOOL!
650 ## - SUBJECT ADDED ENTRY--TOPICAL TERM
Topical Term CHILDREN'S STORY BOOK
Geographic subdivision UNITED KINGDOM
942 ## - ADDED ENTRY ELEMENTS (KOHA)
Koha item type Books
Holdings
Withdrawn status Lost status Collection code Home library Current library Shelving location Date acquired Full call number Accession Number Koha item type
    Fiction Main Library Main Library SHELF-12D-ENID BLYTON FAMOUS FIVE 08/03/2002 823 BLY/F 00027 Books